| 000 | 00388nam a2200145Ia 4500 | ||
|---|---|---|---|
| 008 | 240112s1968 xx 000 0 und d | ||
| 022 | _a54-6097 | ||
| 041 | _aeng | ||
| 082 | _a618.92705 | ||
| 100 | _aBAKWIN H. | ||
| 245 | _aTHE PEDIATRIC CLINICS OF NORTH AMERICA: DEVELOPMENTAL DISORDERS OF MOTILITY & LANGUAGE | ||
| 260 |
_bSAUNDERS _c1968 |
||
| 300 |
_a818,HB _c3 |
||
| 440 | _v15 | ||
| 999 |
_c1141532 _d1141532 |
||